[Event "Viljandi Raud Memorial 50th"]
[Site "Viljandi"]
[Date "2016.07.01"]
[Round "5"]
[White "Polendik, Tiina"]
[Black "Ivanov, Platon Jaan"]
[Result "0-1"]
[WhiteElo "1607"]
[BlackElo "1958"]
[PlyCount "54"]
[EventDate "2016.06.27"]
[EventType "swiss"]
[EventRounds "9"]
[EventCountry "EST"]
[SourceTitle "CBM 173 Extra"]
[Source "ChessBase"]
[SourceDate "2016.08.29"]
[SourceVersion "1"]
[SourceVersionDate "2016.08.29"]
[SourceQuality "1"]

1. d4 Nf6 2. e3 g6 3. Nf3 Bg7 4. c4 0-0 5. Nc3 d5 6. c5 c6 7. h3 Nbd7 8. Be2 b6 9. b4 a5 10. bxa5 bxc5 11. dxc5 Ne4 12. Nxe4 Bxa1 13. Ng3 Bc3+ 14. Bd2 Bxd2+ 15. Qxd2 Qxa5 16. 0-0 Qxd2 17. Nxd2 Nxc5 18. Ra1 Ba6 19. Bd1 Bb5 20. h4 h5 21. f4 Ra3 22. Nb3 Nxb3 23. Bxb3 Rfa8 24. Rb1 Ba4 25. f5 Bxb3 26. Rxb3 Rxb3 27. axb3 Ra3 0-1